Historical linguistics / (Record no. 21556)

MARC details
000 -LEADER
fixed length control field 00992cam a22003255a 4500
001 - CONTROL NUMBER
control field 011945103
003 - CONTROL NUMBER IDENTIFIER
control field EG-ScBUE
005 - DATE AND TIME OF LATEST TRANSACTION
control field 20220427110726.0
008 - FIXED-LENGTH DATA ELEMENTS--GENERAL INFORMATION
fixed length control field 010531r20092001enk f bd f000 0 eng d
020 ## - INTERNATIONAL STANDARD BOOK NUMBER
International Standard Book Number 0194372383 (pbk.)
020 ## - INTERNATIONAL STANDARD BOOK NUMBER
International Standard Book Number 9780194372381
040 ## - CATALOGING SOURCE
Original cataloging agency Uk
Language of cataloging eng
Description conventions rda
Transcribing agency Uk
Modifying agency EG-ScBUE
082 04 - DEWEY DECIMAL CLASSIFICATION NUMBER
Classification number 417.7
Edition number 22
Item number SCH
100 1# - MAIN ENTRY--PERSONAL NAME
Personal name Schendl, Herbert,
Relator term author.
9 (RLIN) 39733
245 10 - TITLE STATEMENT
Title Historical linguistics /
Statement of responsibility, etc Herbert Schendl.
250 ## - EDITION STATEMENT
Edition statement Reprint edition.
264 #1 - PUBLICATION, DISTRIBUTION, ETC. (IMPRINT)
Place of publication, distribution, etc Oxford :
Name of publisher, distributor, etc Oxford University Press,
Date of publication, distribution, etc 2009.
300 ## - PHYSICAL DESCRIPTION
Extent xi, 130 pages ;
Dimensions 20 cm.
336 ## - CONTENT TYPE
Source rdacontent
Content type term text
Content type code txt
337 ## - MEDIA TYPE
Source rdamedia
Media type term unmediated
Media type code n
338 ## - CARRIER TYPE
Source rdacarrier
Carrier type term volume
Carrier type code nc
490 0# - SERIES STATEMENT
Series statement Oxford introductions to language study
500 ## - GENERAL NOTE
General note Includes glossary.<br/>
504 ## - BIBLIOGRAPHY, ETC. NOTE
Bibliography, etc Includes bibliographical references.
650 #7 - SUBJECT ADDED ENTRY--TOPICAL TERM
Topical term or geographic name as entry element Historical linguistics.
Source of heading or term BUEsh
9 (RLIN) 39735
651 ## - SUBJECT ADDED ENTRY--GEOGRAPHIC NAME
Source of heading or term BUEsh
653 ## - INDEX TERM--UNCONTROLLED
Arrived date list April2016
Resource For college Humanities: English
655 ## - INDEX TERM--GENRE/FORM
Form subdivision Reading book
9 (RLIN) 34232
942 ## - ADDED ENTRY ELEMENTS (KOHA)
Source of classification or shelving scheme Dewey Decimal Classification
Koha item type Book - Borrowing
Holdings
Withdrawn status Lost status Source of classification or shelving scheme Damaged status Not for loan Collection code Home library Current library Shelving location Date acquired Source of acquisition Cost, normal purchase price Serial Enumeration / chronology Total Checkouts Full call number Barcode Date last seen Cost, replacement price Price effective from Koha item type
    Dewey Decimal Classification       Central Library Central Library Second Floor 03/04/2016 Purchase 64.00 229   417.7 SCH 000032260 15/07/2025 80.00 03/04/2016 Book - Borrowing